<?xml version="1.0" encoding="UTF-8"?>
<record
    xmlns:xsi="http://www.w3.org/2001/XMLSchema-instance"
    xsi:schemaLocation="http://www.loc.gov/MARC21/slim http://www.loc.gov/standards/marcxml/schema/MARC21slim.xsd"
    xmlns="http://www.loc.gov/MARC21/slim">

  <leader>02416nam a2200325 i 4500</leader>
  <controlfield tag="003">DO-SdBNP</controlfield>
  <controlfield tag="005">20240625114926.0</controlfield>
  <controlfield tag="006">a||||gr|||| 00| 0 </controlfield>
  <controlfield tag="007">ta</controlfield>
  <controlfield tag="008">240624t1976    mx ||||| |||| 00| 0 spa d</controlfield>
  <datafield tag="040" ind1=" " ind2=" ">
    <subfield code="a">DO-SdBNP</subfield>
    <subfield code="b">spa</subfield>
    <subfield code="c">BNPHU</subfield>
    <subfield code="e">rda</subfield>
  </datafield>
  <datafield tag="082" ind1=" " ind2="4">
    <subfield code="2">22</subfield>
    <subfield code="b">D486c</subfield>
  </datafield>
  <datafield tag="245" ind1="1" ind2="4">
    <subfield code="a">Las comunicaciones en la diplomacia moderna /</subfield>
    <subfield code="b">Arthur S. Hoffman, compilador; Karl Deutsch, Margaret Mead, Lewis Coser, Daniel Lerner...(y otros); traductor, Manuel Barber&#xE1;.</subfield>
  </datafield>
  <datafield tag="264" ind1=" " ind2="4">
    <subfield code="a">M&#xE9;xico, D. C. :</subfield>
    <subfield code="b">Dimelisa,</subfield>
    <subfield code="c">1976</subfield>
  </datafield>
  <datafield tag="300" ind1=" " ind2=" ">
    <subfield code="a">253 p&#xE1;ginas ;</subfield>
    <subfield code="c">20 cm.</subfield>
  </datafield>
  <datafield tag="336" ind1=" " ind2=" ">
    <subfield code="2">rdacontent</subfield>
    <subfield code="a">texto</subfield>
    <subfield code="b">txt</subfield>
  </datafield>
  <datafield tag="337" ind1=" " ind2=" ">
    <subfield code="2">rdamedia</subfield>
    <subfield code="a">sin mediaci&#xF3;n</subfield>
    <subfield code="b">n</subfield>
  </datafield>
  <datafield tag="338" ind1=" " ind2=" ">
    <subfield code="2">rdacarrier</subfield>
    <subfield code="a">volumen</subfield>
    <subfield code="b">nc</subfield>
  </datafield>
  <datafield tag="500" ind1=" " ind2=" ">
    <subfield code="a">Incluye bibliograf&#xED;a y notas en las p&#xE1;ginas 246 - 253</subfield>
  </datafield>
  <datafield tag="505" ind1=" " ind2=" ">
    <subfield code="a">Prefacio.</subfield>
    <subfield code="t">1. Introducci&#xF3;n /</subfield>
    <subfield code="r">Robert F. Delaney.--</subfield>
    <subfield code="t">2. Relaciones educacionales y culturales /</subfield>
    <subfield code="r">Charles Frankel.--</subfield>
    <subfield code="t">3. An&#xE1;lisis de las comunicaciones y diplomacia total /</subfield>
    <subfield code="r">Bryant Wedge.--</subfield>
    <subfield code="t">4. Soluci&#xF3;n de problemas: el m&#xE9;todo basado en la conducta /</subfield>
    <subfield code="r">Karl Deutsch.--</subfield>
    <subfield code="t">Importancia delas culturas nacionales /</subfield>
    <subfield code="r">Margaret Mead.--</subfield>
    <subfield code="t">Funci&#xF3;n de los grupos: contribuciones de la sociolog&#xED;a /</subfield>
    <subfield code="r">Lewis Coser.--</subfield>
    <subfield code="t">Psicolog&#xED;a y operaciones psicol&#xF3;gicas /</subfield>
    <subfield code="r">Daniel Lerner.--</subfield>
    <subfield code="t">El lenguaje de las cominicaciones internacionales: sem&#xE1;ntica y ling&#xFC;&#xED;stica /</subfield>
    <subfield code="r">Harry Maynard.--</subfield>
    <subfield code="t">Medios noticiosos internacionales /</subfield>
    <subfield code="r">Robert Manning.--</subfield>
    <subfield code="t">Comunicaciones con sociedades abiertas y cerradas /</subfield>
    <subfield code="r">Howland H. Sargeant.--</subfield>
    <subfield code="t">Convergencia de sistemas sociales /</subfield>
    <subfield code="r">John Scott.--</subfield>
    <subfield code="t">Notas.</subfield>
  </datafield>
  <datafield tag="534" ind1=" " ind2=" ">
    <subfield code="a">International Communication and the new diplomacy.</subfield>
    <subfield code="c">Publicada originalmente en Estados Unidos de Am&#xE1;rica por Indiana University Press, Bloomington y Londres en 1968.</subfield>
  </datafield>
  <datafield tag="590" ind1=" " ind2=" ">
    <subfield code="a">Inventariado 2024 / MF</subfield>
  </datafield>
  <datafield tag="600" ind1=" " ind2="4">
    <subfield code="a">Deutsch, Karl,</subfield>
    <subfield code="9">47001</subfield>
    <subfield code="t">Las comunicaciones en la diplomacia moderna.</subfield>
    <subfield code="x">Soluci&#xF3;n de problemas: el m&#xE9;todo basado en la conducta.</subfield>
  </datafield>
  <datafield tag="600" ind1=" " ind2="4">
    <subfield code="a">Mead, Margaret,</subfield>
    <subfield code="d">1901-1978</subfield>
    <subfield code="9">51285</subfield>
    <subfield code="t">Las comunicaciones en la diplomacia moderna.</subfield>
    <subfield code="x">Importancia delas culturas nacionales.</subfield>
  </datafield>
  <datafield tag="600" ind1=" " ind2="4">
    <subfield code="a">Coser, Lewis,</subfield>
    <subfield code="9">63343</subfield>
    <subfield code="t">Las comunicaciones en la diplomacia moderna.</subfield>
    <subfield code="x">Funci&#xF3;n de los grupos: contribuciones de la sociolog&#xED;a.</subfield>
  </datafield>
  <datafield tag="600" ind1=" " ind2="4">
    <subfield code="a">Lerner, Daniel,</subfield>
    <subfield code="t">Las comunicaciones en la diplomacia moderna.</subfield>
    <subfield code="x">Psicolog&#xED;a y operaciones psicol&#xF3;gicas.</subfield>
    <subfield code="9">85773</subfield>
  </datafield>
  <datafield tag="700" ind1="1" ind2=" ">
    <subfield code="4">Hoffman, Arthur S.,</subfield>
    <subfield code="e">compilador</subfield>
  </datafield>
  <datafield tag="700" ind1="1" ind2=" ">
    <subfield code="a">Barber&#xE1;, Manuel,</subfield>
    <subfield code="9">9940</subfield>
    <subfield code="e">traductor</subfield>
  </datafield>
  <datafield tag="942" ind1=" " ind2=" ">
    <subfield code="2">ddc</subfield>
    <subfield code="c">LBS1</subfield>
  </datafield>
  <datafield tag="952" ind1=" " ind2=" ">
    <subfield code="0">0</subfield>
    <subfield code="1">0</subfield>
    <subfield code="2">ddc</subfield>
    <subfield code="5">6</subfield>
    <subfield code="7">0</subfield>
    <subfield code="8">GR</subfield>
    <subfield code="a">BNPHU</subfield>
    <subfield code="b">BNPHU</subfield>
    <subfield code="c">CT</subfield>
    <subfield code="d">2012-06-24</subfield>
    <subfield code="e">Fundi</subfield>
    <subfield code="l">0</subfield>
    <subfield code="o">D486c</subfield>
    <subfield code="p">2024-3677</subfield>
    <subfield code="r">2024-06-24</subfield>
    <subfield code="w">2024-06-24</subfield>
    <subfield code="y">LBS1</subfield>
  </datafield>
  <datafield tag="999" ind1=" " ind2=" ">
    <subfield code="c">56947</subfield>
    <subfield code="d">56947</subfield>
  </datafield>
</record>
